| 000 | 00000nas 2200000za 4500 |
| 001 | 9.504482 |
| 003 | CaOODSP |
| 005 | 20230131092810 |
| 007 | cr ||||||||||| |
| 008 | 150406d20012015xxc|| m o||||f| |0eng|d |
| 040 | |aCaOODSP|beng |
| 043 | |an-cn--- |
| 086 | 1 |aNH18-22E-PDF |
| 110 | 2 |aCanada Mortgage and Housing Corporation. |
| 245 | 10|aResearch highlight. Technical series. |
| 264 | 1|aOttawa, Ontario : |bCanada Mortgage and Housing Corporation |
| 310 | |aIrregular |
| 362 | 1 |aCeased with December 2015. |
| 520 | 3 |aSummarize a wide range of housing-related studies, reports, and manuals. They examine issues as diverse as low-maintenance northern landscaping; policy options for achieving healthy indoor air quality; and various aspects of building performance, including high-rise building envelope performance, performance of various building materials, and evaluations of district heating systems. |
| 775 | 08|tLe point en recherche. Série technique.|w(CaOODSP)9.501067 |
| 776 | 0#|tResearch highlight. Technical series |w(CaOODSP)9.514826 |